| LEADER | 02281nam a2200277 4500 | ||
|---|---|---|---|
| 082 | |a 750 |b H100L | ||
| 100 | |a HALE, ROBERT BEVERY | ||
| 245 | |a Cơ sở phác họa |c Robert Bevery Hale; Võ Mai Lý dịch |b Học vẽ theo các danh họa bậc thầy | ||
| 260 | |a H. |b Mỹ thuật |c 2001 | ||
| 300 | |a 241 tr. |c 27 cm. | ||
| 520 | |a v.v... | ||
| 653 | |a Hội họa | ||
| 653 | |a Phác họa | ||
| 653 | |a Cơ sở | ||
| 942 | |2 ddc |c STK0 | ||
| 999 | |c 4172 |d 4172 | ||
| 952 | |0 0 |1 0 |2 ddc |4 0 |6 750_000000000000000_H100L |7 0 |8 700 |9 42167 |a qbu |b qbu |c D5 |d 2014-12-18 |g 48000 |o 750 H100L |p 4653.c1 |r 0000-00-00 |w 2014-12-18 |y STK0 |0 0 |6 750_000000000000000_H100L | ||
| 952 | |0 0 |1 0 |2 ddc |4 0 |6 750_000000000000000_H100L |7 0 |8 700 |9 42168 |a qbu |b qbu |c D5 |d 2014-12-18 |g 48000 |o 750 H100L |p 4653.c2 |r 0000-00-00 |w 2014-12-18 |y STK0 |0 0 |6 750_000000000000000_H100L | ||
| 952 | |0 0 |1 0 |2 ddc |4 0 |6 750_000000000000000_H100L |7 0 |8 700 |9 42169 |a qbu |b qbu |c D5 |d 2014-12-18 |g 48000 |o 750 H100L |p 4653.c3 |r 0000-00-00 |w 2014-12-18 |y STK0 |0 0 |6 750_000000000000000_H100L | ||
| 952 | |0 0 |1 0 |2 ddc |4 0 |6 750_000000000000000_H100L |7 0 |8 700 |9 42170 |a qbu |b qbu |c D5 |d 2014-12-18 |g 48000 |o 750 H100L |p 4653.c4 |r 0000-00-00 |w 2014-12-18 |y STK0 |0 0 |6 750_000000000000000_H100L | ||
| 952 | |0 0 |1 0 |2 ddc |4 0 |6 750_000000000000000_H100L |7 0 |8 700 |9 42171 |a qbu |b qbu |c D5 |d 2014-12-18 |g 48000 |o 750 H100L |p 4653.c5 |r 0000-00-00 |w 2014-12-18 |y STK0 |0 0 |6 750_000000000000000_H100L | ||
| 952 | |0 0 |1 0 |2 ddc |4 0 |6 750_000000000000000_H100L |7 0 |8 700 |9 42172 |a qbu |b qbu |c D5 |d 2014-12-18 |g 48000 |o 750 H100L |p 4653.c6 |r 0000-00-00 |w 2014-12-18 |y STK0 |0 0 |6 750_000000000000000_H100L | ||
| 952 | |0 0 |1 0 |2 ddc |4 0 |6 750_000000000000000_H100L |7 0 |8 700 |9 42173 |a qbu |b qbu |c D5 |d 2014-12-18 |g 48000 |o 750 H100L |p 4653.c7 |r 0000-00-00 |w 2014-12-18 |y STK0 |0 0 |6 750_000000000000000_H100L | ||
| 952 | |0 0 |1 0 |2 ddc |4 0 |6 750_000000000000000_H100L |7 0 |8 700 |9 42174 |a qbu |b qbu |c D5 |d 2014-12-18 |g 48000 |o 750 H100L |p 4653.c8 |r 0000-00-00 |w 2014-12-18 |y STK0 |0 0 |6 750_000000000000000_H100L | ||
| 952 | |0 0 |1 0 |2 ddc |4 0 |6 750_000000000000000_H100L |7 0 |8 700 |9 42175 |a qbu |b qbu |c D5 |d 2014-12-18 |g 48000 |o 750 H100L |p 4653.c9 |r 0000-00-00 |w 2014-12-18 |y STK0 |0 0 |6 750_000000000000000_H100L | ||
| 952 | |0 0 |1 0 |2 ddc |4 0 |6 750_000000000000000_H100L |7 0 |8 700 |9 42176 |a qbu |b qbu |c D5 |d 2014-12-18 |g 48000 |o 750 H100L |p 4653.c10 |r 0000-00-00 |w 2014-12-18 |y STK0 |0 0 |6 750_000000000000000_H100L | ||